000 00568nam a22001577a 4500
001 T027600003931
008 181111b xve|||||r|||| 00| | esp d
099 _aIVP-D-00588
_b
100 _aMinisterio de Planificación y Desarrollo.
245 _aInformes sobre antecedentes y aplicación de la matriz DOFA a las líneas generales, los planes nacionales y cadenas productivas.
260 _a
500 _aFotocopiado
650 _aPlanes de Desarrollo-- Planeación-Matriz DOFA—Venezuela
650 _aPlanes de Desarrollo--Producción--Venezuela.
942 _cLIB
999 _c5072
_d5072